LEADER 00967nam0-22003491i-450- 001 990001283730403321 010 $a0-387-90706-8 035 $a000128373 035 $aFED01000128373 035 $a(Aleph)000128373FED01 035 $a000128373 100 $a20000920d1982----km-y0itay50------ba 101 0 $aeng 200 1 $aElementary theory of metric spaces$ea course in constructing mathematical proofs$fRobert Reisel 205 $a$a 210 $aNew York [etc.]$cSpringer-Verlag$d1982 225 1 $aUniversitext 610 0 $aFunzioni di variabili reali 610 0 $aAnalisi funzionale 610 0 $aSpazi metrici 676 $a514.32 700 1$aReisel,$bRobert B.$058563 801 0$aIT$bUNINA$gRICA$2UNIMARC 901 $aBK 912 $a990001283730403321 952 $a8-B-18$b20915$fMA1 959 $aMA1 962 $a54-01 962 $a54E35 996 $aElementary theory of metric spaces$9384844 997 $aUNINA DB $aING01 LEADER 01802nlm0 22005051i 450 001 990009249230403321 005 20101220113311.0 010 $a9783540714965 035 $a000924923 035 $aFED01000924923 035 $a(Aleph)000924923FED01 035 $a000924923 100 $a20101015d2007----km-y0itay50------ba 101 0 $aeng 102 $aDE 135 $adrnn-008mamaa 200 1 $aAdvances in Information Retrieval$bRisorsa elettronica$e29th European Conference on IR Research, ECIR 2007, Rome, Italy, April 2-5, 2007. Proceedings$fedited by Giambattista Amati, Claudio Carpineto, Giovanni Romano 210 $aBerlin ; Heidelberg$cSpringer$d2007 225 1 $aLecture Notes in Computer Science$x0302-9743$v4425 230 $aDocumento elettronico 336 $aTesto 337 $aFormato html, pdf 702 1$aAmati,$bGiambattista 702 1$aCarpineto,$bClaudio 702 1$aRomano,$bGiovanni$f<1958- > 801 0$aIT$bUNINA$gREICAT$2UNIMARC 856 4 $zFull text per gli utenti Federico II$uhttp://dx.doi.org/10.1007/978-3-540-71496-5 901 $aEB 912 $a990009249230403321 961 $aArtificial intelligence 961 $aArtificial Intelligence (incl. Robotics) 961 $aComputer science 961 $aComputer Science 961 $aData mining 961 $aData Mining and Knowledge Discovery 961 $aDatabase management 961 $aDatabase Management 961 $aInformation Storage and Retrieval 961 $aInformation storage and retrieval systems 961 $aInformation systems 961 $aInformation Systems Applications (incl.Internet) 961 $aMultimedia Information Systems 961 $aMultimedia systems 996 $aAdvances in Information Retrieval$9772246 997 $aUNINA LEADER 02434nam 22006133 450 001 9910777014503321 005 20230922185304.0 010 $a1-280-45237-4 010 $a0-19-535616-0 010 $a1-4237-5929-X 035 $a(CKB)1000000000415478 035 $a(EBL)272582 035 $a(OCoLC)476011542 035 $a(SSID)ssj0000235397 035 $a(PQKBManifestationID)12049740 035 $a(PQKBTitleCode)TC0000235397 035 $a(PQKBWorkID)10246699 035 $a(PQKB)11270932 035 $a(MiAaPQ)EBC272582 035 $a(EXLCZ)991000000000415478 100 $a20140113d1996|||| uy 0 101 0 $aeng 135 $aur|n|---||||| 181 $ctxt$2rdacontent 182 $cc$2rdamedia 183 $acr$2rdacarrier 200 10$aReligion and the Order of Nature $eThe 1994 Cadbury Lectures /$fSeyyed Hossein Nasr 210 1$aNew York :$cOxford University Press,$d1996. 215 $a1 online resource (319 pages) 311 0 $a0-19-510274-6 327 $aContents; Introduction; 1 Religion and Religions; 2 The Order of Nature; 3 Philosophy and the Misdeeds of Philosophy; 4 The Traditional Sciences, the Scientific Revolution, and Its Aftermath; 5 The Tragic Consequences of Humanism in the West; 6 The Rediscovery of Nature: Religion and the Environmental Crisis; 7 The Wisdom of the Body; 8 Religion and the Resacralization of Nature; Index 330 $aArgues that the ecological crisis has been exacerbated by the reductionist view of nature that has been advanced by modern secular science. What is needed, the author believes, if the recovery of the truth to which the great enduring religions all attest: that nature is sacred. 606 $aNature$xReligious aspects 606 $aReligion and science 606 $aHoly, The 606 $aPhilosophy of nature 606 $aEnvironmental ethics 606 $aHuman ecology$xReligious aspects 615 0$aNature$xReligious aspects. 615 0$aReligion and science. 615 0$aHoly, The. 615 0$aPhilosophy of nature. 615 0$aEnvironmental ethics. 615 0$aHuman ecology$xReligious aspects. 676 $a291.212 676 $a291.24 700 $aNasr$b Seyyed Hossein$0202682 801 0$bAU-PeEL 801 1$bAU-PeEL 801 2$bAU-PeEL 906 $aBOOK 912 $a9910777014503321 996 $aReligion and the Order of Nature$93821824 997 $aUNINA